| 000 | 01239cam a2200349 a 4500 | ||
|---|---|---|---|
| 001 | 10277761 | ||
| 003 | OSt | ||
| 005 | 20170105101154.0 | ||
| 008 | 121106s2012 pk a 000 0 eng | ||
| 010 | _a 2012430935 | ||
| 020 | _a9789698893095 | ||
| 020 | _a9698893091 | ||
| 025 | _aP-E-2012430935 ;24 | ||
| 035 | _a(OCoLC)ocn821070431 | ||
| 035 | _a(OCoLC)821070431 | ||
| 035 | _a(NNC)10277761 | ||
| 037 | _bLibrary of Congress -- Islamabad Overseas Office | ||
| 040 |
_aDLC _beng _cDLC |
||
| 042 |
_alcode _apcc |
||
| 043 | _aa------ | ||
| 050 | 0 | 0 |
_aGV923 _b.M314 2012 |
| 100 | 1 | _aMahmood, Syed Khalid. | |
| 245 | 1 | 0 |
_aAsian glory : _bcricket world cup 2011 / _cSyed Khalid Mahmood. |
| 250 | _a1st ed. | ||
| 260 |
_aKarachi : _bJumbo Publishing, _c2012. |
||
| 300 |
_a162 p. : _bill. (some col.) ; _c22 cm. |
||
| 611 | 2 | 0 |
_aWorld Cup (Cricket) _n(10th : _d2011 : _cKolkata, India; Chennai, India; New Delhi, India; Nāgpur, India; Ahmadābād, India; Mumbai, India; Mohali, India; Bangalore, India; Colombo, Sri Lanka; Pallekele, Sri Lanka; Hambantota, Sri Lanka; Chittagong, Bangladesh; Dhaka, Bangladesh) |
| 611 | 2 | 0 | _aWorld Cup (Cricket) |
| 942 |
_2ddc _cBK |
||
| 948 | 1 |
_a20130513 _bc _csds12 _dMPS |
|
| 999 |
_c2501 _d2501 |
||